Migraciones: un juego con cartas marcadas /
Đã lưu trong:
| Tác giả chính: | |
|---|---|
| Tác giả khác: | , , , , , , , , , , , , |
| Định dạng: | Không biết |
| Được phát hành: |
Quito:
Ediciones Abya-Yala
|
| Những chủ đề: | |
| Các nhãn: |
Thêm thẻ
Không có thẻ, Là người đầu tiên thẻ bản ghi này!
|
MARC
| LEADER | 00000 a2200000 04500 | ||
|---|---|---|---|
| 001 | 34637 | ||
| 003 | |||
| 008 | 991231s d | ||
| 040 | |||
| 020 | |a 9978-22-442-4 | ||
| 022 | |a 9978-22-442-4 | ||
| 090 | |a 1001 H632m | ||
| 100 | |a Hidalgo, Francisco | ||
| 245 | |a Migraciones: un juego con cartas marcadas / |c Francisco Hidalgo | ||
| 260 | |a Quito: |b Ediciones Abya-Yala | ||
| 300 | |a 430 p. | ||
| 650 | |a MIGRANTES | ||
| 650 | |a DISCURSOS | ||
| 650 | |a INSTITUCIONES | ||
| 650 | |a VIOLENCIA | ||
| 650 | |a ACCIDENTES | ||
| 650 | |a PODER | ||
| 650 | |a IGUALDAD | ||
| 650 | |a DISCRIMINACION SOCIAL | ||
| 650 | |a DISCRIMINACION ETNICA | ||
| 650 | |a ESPAÑA | ||
| 700 | |a | ||
| 700 | |a Atienza A., Jaime | ||
| 700 | |a Alonso Antonio, José | ||
| 700 | |a Sandoval, Juan Manuel | ||
| 700 | |a Giol, Joaquim | ||
| 700 | |a Gómez, Emilio José | ||
| 700 | |a Herrera, Gioconda | ||
| 700 | |a La Parra, Daniel | ||
| 700 | |a Acosta, Alberto | ||
| 700 | |a López, Susana | ||
| 700 | |a Villamar, David | ||
| 700 | |a Camacho, Gloria | ||
| 700 | |a Falquez, Andrés | ||
| 700 | |a Sánchez, Be | ||
| 999 | |c 13266 |d 13266 | ||



